• 首页
  • 本馆介绍
  • 公告通知
  • 最新文献
  • 馆藏检索
  • 电子资源
  • 读者导购
  • 参考咨询
  • 我的图书馆
  • 登录
  • 详细信息显示
  • 放入我的书架
  • 预约/预借图书
  • 作者相关作品
  • 分类相关作品
  • 丛书相关作品
  • 出版社相关作品

书目信息

  • 表格格式
  • 工作单格式
  • 卡片格式
题名:
基础化学例题与习题
    
 
作者: 戴莱 , 奥马莱 著 ;杜尧国 译
分册:  
出版信息: 长春   吉林人民出版社  1983
页数: 396页
开本: 19cm
丛书名:
单 册:
中图分类: O6-44
科图分类:
主题词: 化学--高等学校--习题
电子资源:
ISBN:
000 00808nam0 2200265 45
001 0183012177
005 20060814151331.82
010    @dCNY1.30
091    @a13091.134
100    @a19950724d1983 em y0chiy0121 ea
101 1  @achi@ceng
102    @aCN@b220000
105    @ay q 000yy
200 10 @a基础化学例题与习题@Aji chu hua xue li ti yu xi ti@f(美)Jr., H.O.戴莱,R.F.奥马莱著@F(mei)Jr.,H.O.dai lai,R.F.ao ma lai zhu@g杜尧国译
210    @a长春@c吉林人民出版社@d1983
215    @a396页@d19cm
300    @a高等学校教学参考书
606    @a化学@x高等学校@x习题
690    @aO6-44@v3
701  1 @a戴莱@Adai lai@bJr.H.O.@4著
701  1 @a奥马莱@Aao ma lai@bR.T.@4著
702  0 @a杜尧国@Adu yao guo@4译
801  2 @aCN@bNLC@c20060814
801  0 @aCN@b上海图书馆@c20060801
905    @dO6-44@e118
    
    基础化学例题与习题/(美)Jr., H.O.戴莱,R.F.奥马莱著/杜尧国译.-长春:吉林人民出版社,1983
    396页;19cm
    高等学校教学参考书
    
    ISBN :CNY1.30
    
●
相关链接 在E读中查询图书 在五车中查询图书 在当当中查询图书 在豆瓣中查询图书


正题名:基础化学例题与习题     索取号:O6-44/118         预约/预借

序号 登录号 条形码 馆藏地/架位号 状态 备注
1 0093032   000338520   第二样本阅览室/ [索取号:O6-44/118] 在馆    
2 0093033   000338511   第三借阅区/ [索取号:O6-44/118] 在馆    
3 0093034   000338557   第三借阅区/ [索取号:O6-44/118] 在馆    
4 0093035   202291411   密集书库/ [索取号:O6-44/118] 在馆    
5 0093036   202291331   密集书库/ [索取号:O6-44/118] 在馆    
6 0119625   000338487   第三借阅区/ [索取号:O6-44/118] 在馆    
7 0119626   000338502   第三借阅区/ [索取号:O6-44/118] 在馆    
8 0119627   000338548   第三借阅区/ [索取号:O6-44/118] 在馆    
9 0119628   000338496   第三借阅区/ [索取号:O6-44/118] 在馆    
10 0119629   001936757   第三借阅区/ [索取号:O6-44/118] 在馆    
11 0119630   000338539   第三借阅区/ [索取号:O6-44/118] 在馆    
12 0119631   202291251   密集书库/ [索取号:O6-44/118] 在馆    
13 0119632   202291297   密集书库/ [索取号:O6-44/118] 在馆    
14 0119633   202291377   密集书库/ [索取号:O6-44/118] 在馆    
15 0119634   000338566   第三借阅区/ [索取号:O6-44/118] 在馆    
16 0434382   204343825   密集书库/ [索取号:O6-44/118] 在馆    
17 0461124   204611241   密集书库/ [索取号:O6-44/118] 在馆    
18 0461125   204611250   密集书库/ [索取号:O6-44/118] 在馆    
19 0461126   204611269   密集书库/ [索取号:O6-44/118] 在馆    
20 0461127   204611278   密集书库/ [索取号:O6-44/118] 在馆    
唐山师范学院图书馆 欢迎您!
大连网信软件有限公司© 版权所有